Normal view MARC view
  • QADRY, J.S. AND QADRY,S.S

Entry Personal Name

Number of records used in: 2

001 - CONTROL NUMBER

  • control field: 8373

003 - CONTROL NUMBER IDENTIFIER

  • control field: JRU

005 - DATE AND TIME OF LATEST TRANSACTION

  • control field: 20240110112714.0

008 - FIXED-LENGTH DATA ELEMENTS

  • fixed length control field: 240110|| aca||aabn | a|a d

040 ## - CATALOGING SOURCE

  • Original cataloging agency: JRU
  • Transcribing agency: JRU

100 ## - HEADING--PERSONAL NAME

  • Personal name: QADRY, J.S. AND QADRY,S.S

670 ## - SOURCE DATA FOUND

  • Source citation: Work cat.: (JRU)6091: QADRY, J.S. AND QADRY,S.S , ORGANIC PHARMACEUTICAL AND MEDICINAL CHEMISTRY (VOL- III), 2019